| 000 | 00841nab a2200253 a 4500 | ||
|---|---|---|---|
| 005 | 20210219161625.0 | ||
| 008 | 991125s1985 mx 000 0 spa u | ||
| 035 | _aUPN01000188786 | ||
| 100 | 1 | _aCaballero Rico, Frida Carmina | |
| 222 | _aREVISTA DE LA EDUCACION SUPERIOR | ||
| 245 | _aAnálisis de la producción científica de la Universidad Autónoma de Tamaulipas y evaluación de su impacto en los indicadores educativos de calidad | ||
| 260 | _aMéxico | ||
| 300 | _a31-52 | ||
| 362 | 0 | _a2012 Vol. 41 (1), no. 161, ene.-mar. | |
| 653 | 0 | _aPRODUCCION CIENTIFICA | |
| 653 | 0 | _aREVISTAS CIENTIFICAS | |
| 653 | 0 | _aBIBLIOMETRIA | |
| 653 | 0 | _aINVESTIGACION CIENTIFICA | |
| 700 | 1 | _aUresti Marín, Rocío Margarita, | |
| 700 | 1 | _ecoaut. | |
| 700 | 1 | _aRamírez de León, José A., | |
| 700 | 1 | _ecoaut. | |
| 905 | _aArticulo | ||
| 999 |
_c160889 _d160889 |
||